000 00580nam a22001937a 4500
005 20210426081752.0
008 210215s2005 ||||| |||| 00| 0 eng d
020 _a0977128806
040 _aeng
_cDLC
041 _aeng
080 _a821.111
_bW-31
100 _9871
_aWaters, III. C. William
245 _aBefore I Sleep / A Doctor on Call
_b: a Novel
_c/ by: Logikon Press
260 _aAtlanta, Georgia
_bLogikon Press
_c2005
300 _a398 p.
650 0 _9254
_aEnglish literature
653 _aინგლისური ლიტერატურა
942 _2udc
_cBK
999 _c1377
_d1377